00460nam a2200181 a 4500001001300000003000900013005001700022008004100039020002300080082001600103100002100119245002100140260003500161300000900196500003500205650001700240700002100257nice12345678IN_TiNIC20260116015333.0110421s2010 newa grp 000 0 eng  a9781932099843c37500a297.5bGUL1 aGulen, Fethullah aPearls of Wisdom aNew Jersey, USA bLight c2010 a109p aincludes index and biblioraphy aIslam-Ethics1 aGulen, Fethullah